Normal view MARC view

Entry Personal Name

Number of records used in: 2

001 - CONTROL NUMBER

  • control field: 85522

003 - CONTROL NUMBER IDENTIFIER

  • control field: dpl

005 - DATE AND TIME OF LATEST TRANSACTION

  • control field: 20251022124052.0

008 - FIXED-LENGTH DATA ELEMENTS

  • fixed length control field: 251022|| aca||aabn | a|a d

040 ## - CATALOGING SOURCE

  • Original cataloging agency: dpl
  • Transcribing agency: dpl

100 ## - HEADING--PERSONAL NAME

  • Personal name: Pillai, Aneesh V

670 ## - SOURCE DATA FOUND

  • Source citation: Work cat.: (dpl)213662: Pillai, Aneesh V. , State Responsibility Under International Law: , 2025

© Delhi Public Library
Hit Counter
free hit counter